000 00652nam a2200289Ia 4500
005 20260324130034.0
008 008 260324s9999 xx 000 0 eng d
020 _a9781315649306
037 _aEBOOK
040 _aCRL
040 _beng
040 _cCRL
041 _2eng
041 _aeng
084 _qCRL
100 _aWil Verhoeven
_91180292
245 0 _aGilbert Imlay
245 0 _bCitizen of the World
260 _bTaylor and Francis
260 _c2008
365 _a
365 _b180
856 _uhttp://www.taylorfrancis.com/books/9781315649306
942 _cEBOOK
999 _c1776064
_d1776064